LEADER 01753nam0 22003491i 450 001 UON00386151 005 20231205104551.137 010 $a978-38-683-5041-8$bv. 377 100 $a20101123d2010 |0itac50 ba 101 $aeng 102 $aDE 105 $a|||| 1|||| 200 1 $aAspects of the economic history of Babylonia in the first millennium BC$eEconomic geography, economic mentalities, agriculture, the use of money and the problem of economic growth$fM. Jursa$gwith contributions by J. Hackl ... [et al.] 210 $aMunster$cUgerit-Verlag$d2010 215 $aXVIII, 897 p.$d25 cm. 311 $aVOA SERIE 001 377$9UON00000604 316 $aV. 377$5IT-UONSI VOASERIE001/(377) 410 0$1001UON00000604$12001 $aAlter Orient und Altes Testament$eVeroffentlichungen zur Kultur und Geschichte des Alten Orients und des Alten Testaments$fHrsg. Manfried Dietrech, Oswald Loretz$v377 VOA SERIE 001 377 606 $aLingua accadica$xTesti$3UONC008446$2FI 606 $aBABILONIA$xSVILUPPO ECONOMICO$xSTORIA$3UONC076829$2FI 606 $aAGRICOLTURA$xBabilonia$3UONC076830$2FI 620 $aDE$dMünster$3UONL001022 686 $aVOA SERIE$cVICINO ORIENTE ANTICO - COLLANE$2A 700 1$aJURSA$bMichael$3UONV015953$0596913 702 1$aHACKL$bJohannes$3UONV175307 712 $aUgarit-Verlag$3UONV251297$4650 801 $aIT$bSOL$c20240220$gRICA 899 $aSIBA - SISTEMA BIBLIOTECARIO DI ATENEO$2UONSI 912 $aUON00386151 950 $aSIBA - SISTEMA BIBLIOTECARIO DI ATENEO$dSI VOA SERIE 001 (377) $eSI SA 128302 7 (377) V. 377 996 $aAspects of the economic history of Babylonia in the first millennium BC$91353387 997 $aUNIOR LEADER 01349cam0 2200325 450 001 E600200014640 005 20250430101111.0 100 $a20051111d1971 |||||ita|0103 ba 101 $aita 102 $aIT 200 1 $aPragmatica della comunicazione umana$eStudio dei modelli interattivi, delle patologie e dei paradossi$fPaul Watzlawick, Janet Helmick Beavin e Don D. Jackson$gtrad. Massimo Ferretti 210 $aRoma$cAstrolabio$d1971 215 $a297 p.$d21 cm. 225 2 $aPsiche e coscienza 410 1$1001SOBE00070181$12001 $a*Psiche e coscienza 700 1$aWatzlawick$b, Paul$3AF00007477$4070$0126554 702 1$aBeavin Helmick, Janet$3A600200033694$4070 702 1$aJackson, Don$3A600200033695$4070 702 1$aFerretti, Massimo <1935-1974>$3SOBA00033439$4070 801 0$aIT$bUNISOB$c20250430$gRICA 850 $aUNISOB 852 $aUNISOB$j150$m21261 852 $aUNISOB$j150$m132262 912 $aE600200014640 940 $aM 102 Monografia moderna SBN 941 $aM 957 $a150$b000513$gSI$d21261$racquisto$1pregresso1$2UNISOB$3UNISOB$420051111130541.0$520210701114830.0$6bethb 957 $a150$b001994$gRIS$d132262$racquisto$1catenacci$2UNISOB$3UNISOB$420061201105208.0$520190911144626.0$6bethb$f(ex sede Adisu Salerno) 996 $aPragmatica della comunicazione umana$91672265 997 $aUNISOB